US Counties Named after States - Statistics

General Stats
  • This quiz has been taken 20 times
  • The average score is 8 of 16
Answer Stats
Name of County Found in... % Correct
Washington Alabama | Arkansas | Colorado | Florida | Georgia | Idaho | Illinois | Indiana | Iowa | Kansas | Kentucky | Louisiana | Maine | Maryland | Minnesota | Mississippi | Missouri | Nebraska | New York | North Carolina | Ohio | Oklahoma | Oregon | Pennsylvania | Rhode Island | Tennessee | Texas | Utah | Vermont | Virginia | Wisconsin
74%
Arkansas Arkansas
74%
Delaware Indiana | New York | Ohio | Oklahoma | Pennsylvania
68%
Oklahoma Oklahoma
63%
Nevada Arkansas | California
53%
Mississippi Arkansas | Missouri
53%
Idaho Idaho
47%
Ohio Indiana | Kentucky | West Virginia
47%
New York New York
47%
Texas Oklahoma
47%
Utah Utah
47%
Iowa Iowa | Wisconsin
42%
Indiana Pennsylvania
32%
Wyoming New York | Pennsylvania | West Virginia
26%
Oregon Missouri
21%
Florida Puerto Rico
11%
No matching quizzes found
Score Distribution
Percent of People with Each Score
Percentile by Number Answered
Your Score History
You have not taken this quiz